Under the palmetto in peace and war /

Bibliographic Details
Main Author: Bache, Richard Meade
Format: Microform Book
Language:English
Published: Philadelphia : Claxton, Remsen, & Haffelfinger, 1880.

MARC

Tag First Indicator Second Indicator Subfields
LEADER 00000cam a2200000 a 4500
001 in00000753109
005 20151016160351.0
007 hd afa014baca
008 830618s1880 ctu a 00011 eng d
035 |a (OCoLC)09622612 
035 |9 ADJ0480AM 
040 |a GUA  |c LWS  |d UtOrBLW 
049 |a TXAI 
090 |a PS15 
099 |a film  |a B  |a 1551 
100 1 |a Bache, Richard Meade. 
245 1 0 |a Under the palmetto in peace and war /  |c by Richard Meade Bache. 
264 1 |a Philadelphia :  |b Claxton, Remsen, & Haffelfinger,  |c 1880. 
300 |a 106 pages ;  |c 18 cm. 
336 |a text  |b txt  |2 rdacontent 
337 |a microform  |b h  |2 rdamedia 
338 |a microfilm reel  |b hd  |2 rdacarrier 
533 |a Microfilm.  |b Woodbridge, Conn. :  |c Research Publications,  |d 1970-1978.  |e 1 microfilm reel ; 35 mm.  |f (Wright American fiction ; v.3 (1876-1900), reel B-1, no. 193) 
500 |a Microform. 
999 |a MARS 
999 f f |s 4cafe732-d6c6-38b9-b2d5-d641a60875fc  |i 203c330f-d5db-3727-af01-662dc1655c3b  |t 0 
952 f f |p default  |a Texas A&M University  |b College Station  |c Sterling C. Evans Library  |d Evans: Microforms (3rd floor)  |t 0  |e film B 1551 v.3 reel B-1 no.193  |h Other scheme  |i microform -- microfilm reel 
998 f f |a film B 1551 v.3 reel B-1 no.193  |t 0  |l Evans: Microforms (3rd floor)